[Event "Sibiria Region-ch"]
[Site "Novosibirsk"]
[Date "2003.??.??"]
[Round "3"]
[White "Shushpanov, Rustam"]
[Black "Voinov, Alexandr"]
[Result "1/2-1/2"]
[WhiteElo "2466"]
[BlackElo "2408"]
[PlyCount "90"]
[EventDate "2003.05.??"]
[EventType "swiss"]
[EventRounds "9"]
[EventCountry "RUS"]
[SourceTitle "EXT 2008"]
[Source "ChessBase"]
[SourceDate "2007.11.25"]
[SourceVersion "1"]
[SourceVersionDate "2007.11.25"]
[SourceQuality "1"]

1. d4 d6 2. e4 Nf6 3. Nc3 e5 4. Nf3 Nbd7 5. Bc4 Be7 6. dxe5 Nxe5 7. Be2 0-0 8. 0-0 Nxf3+ 9. Bxf3 Bd7 10. Re1 Bc6 11. Bf4 Nd7 12. Nd5 Bf6 13. Rb1 Re8 14. c4 Ne5 15. b3 Rb8 16. Rc1 h6 17. Bg3 Nxf3+ 18. Qxf3 Be5 19. Qd3 Bxg3 20. hxg3 a6 21. Qd4 Qd7 22. Re3 Rbc8 23. Rce1 Bxd5 24. Qxd5 Qc6 25. Qxc6 bxc6 26. e5 Kf8 27. f4 Rcd8 28. R1e2 Ra8 29. b4 Reb8 30. Rb3 a5 31. exd6 cxd6 32. b5 a4 33. Rb4 Ra5 34. b6 Ra6 35. b7 Ra7 36. Reb2 Ke7 37. c5 dxc5 38. Re4+ Kf8 39. Rb6 Raxb7 40. Rxc6 Rb2 41. Rxa4 Rc2 42. Ra7 Kg8 43. f5 Rbb2 44. Rc8+ Kh7 45. Raa8 Rxg2+ 1/2-1/2

[Event "Capital of Sibiria op"]
[Site "Novosibirsk"]
[Date "2002.07.20"]
[Round "2"]
[White "Trufanov, Alexander G"]
[Black "Shushpanov, Rustam"]
[Result "0-1"]
[WhiteElo "2243"]
[BlackElo "2485"]
[PlyCount "72"]
[EventDate "2002.07.19"]
[EventType "swiss"]
[EventRounds "9"]
[EventCountry "RUS"]
[SourceTitle "CBM 089 Extra"]
[Source "ChessBase"]
[SourceDate "2002.09.10"]
[SourceVersion "2"]
[SourceVersionDate "2002.09.10"]
[SourceQuality "1"]

1. d4 Nf6 2. c4 e6 3. Nf3 b6 4. a3 c5 5. e3 g6 6. Nc3 Bg7 7. Be2 0-0 8. 0-0 Bb7 9. b4 Ne4 10. Nxe4 Bxe4 11. Bb2 Qc7 12. Nd2 Bb7 13. Qb3 d6 14. Bf3 cxd4 15. Bxd4 Bxd4 16. exd4 Nc6 17. Qe3 e5 18. dxe5 dxe5 19. Bd5 Kg7 20. Rac1 Rad8 21. f4 exf4 22. Rxf4 Rde8 23. Re4 Rxe4 24. Qxe4 f5 25. Qe3 Nd8 26. Qd4+ Rf6 27. Re1 Qd6 28. Nf3 Bxd5 29. cxd5 a5 30. Ng5 axb4 31. axb4 h6 32. Nf3 g5 33. h3 Nf7 34. Re6 Qd8 35. Ne5 Rxe6 36. Nc6+ Qf6 0-1

[Event "Petrov Memorial op"]
[Site "St Petersburg"]
[Date "2002.02.18"]
[Round "7"]
[White "Bogachkov, Igor"]
[Black "Shushpanov, Rustam"]
[Result "0-1"]
[WhiteElo "2348"]
[BlackElo "2460"]
[PlyCount "70"]
[EventDate "2002.02.12"]
[EventType "swiss"]
[EventRounds "9"]
[EventCountry "RUS"]
[SourceTitle "CBM 086 Extra"]
[Source "ChessBase"]
[SourceDate "2002.03.14"]
[SourceVersion "1"]
[SourceVersionDate "2002.03.14"]
[SourceQuality "1"]

1. d4 Nf6 2. c4 e6 3. Nc3 Bb4 4. f3 0-0 5. a3 Bxc3+ 6. bxc3 c5 7. e4 Qa5 8. Bd2 Nc6 9. d5 Ne5 10. f4 Ng6 11. Qc2 exd5 12. f5 Ne5 13. cxd5 c4 14. Nf3 Re8 15. Be2 Nd3+ 16. Bxd3 cxd3 17. Qxd3 Rxe4+ 18. Kf2 d6 19. Rhe1 Bxf5 20. Rxe4 Nxe4+ 21. Kg1 Qc5+ 22. Be3 Qxc3 23. Qxc3 Nxc3 24. Nd4 Bd7 25. Bf4 Nxd5 26. Bxd6 Rc8 27. Rb1 b6 28. h3 f6 29. Kf2 Rc4 30. Rd1 Nc3 31. Rd3 Ne4+ 32. Ke1 Rc1+ 33. Ke2 Nxd6 34. Nb3 Rc6 35. Nd4 Rc7 0-1

[Event "Petrov Memorial op"]
[Site "St Petersburg"]
[Date "2002.02.17"]
[Round "6"]
[White "Shushpanov, Rustam"]
[Black "Yevseev, Denis"]
[Result "0-1"]
[WhiteElo "2460"]
[BlackElo "2540"]
[PlyCount "82"]
[EventDate "2002.02.12"]
[EventType "swiss"]
[EventRounds "9"]
[EventCountry "RUS"]
[SourceTitle "CBM 086 Extra"]
[Source "ChessBase"]
[SourceDate "2002.03.14"]
[SourceVersion "1"]
[SourceVersionDate "2002.03.14"]
[SourceQuality "1"]

1. Nf3 d5 2. g3 Bg4 3. Bg2 Nd7 4. 0-0 Ngf6 5. c4 c6 6. d3 dxc4 7. dxc4 e5 8. b3 Bc5 9. Bb2 Qe7 10. Qc2 0-0 11. h3 Bxf3 12. Bxf3 Qe6 13. Kh2 e4 14. Bg2 Ne5 15. Kg1 Rad8 16. a3 e3 17. f4 Nd3 18. f5 Qd6 19. Bxf6 Qxf6 20. Nc3 Nf2 21. Ne4 Qxf5 22. g4 Qe5 23. Nxc5 Qxc5 24. Qc3 Rfe8 25. b4 Qd6 26. Rxf2 exf2+ 27. Kxf2 Qf4+ 28. Bf3 Qh2+ 29. Kf1 Qxh3+ 30. Kf2 Qh2+ 31. Kf1 Re6 32. c5 Qe5 33. Qxe5 Rxe5 34. Kf2 g6 35. Rc1 Rd4 36. b5 cxb5 37. Bxb7 Rc4 38. Rxc4 bxc4 39. c6 Rc5 40. Ke3 c3 41. Kd4 Rxc6 0-1

[Event "Petrov Memorial op"]
[Site "St Petersburg"]
[Date "2002.02.15"]
[Round "4"]
[White "Askarov, Marat"]
[Black "Shushpanov, Rustam"]
[Result "0-1"]
[WhiteElo "2207"]
[BlackElo "2460"]
[PlyCount "92"]
[EventDate "2002.02.12"]
[EventType "swiss"]
[EventRounds "9"]
[EventCountry "RUS"]
[SourceTitle "CBM 086 Extra"]
[Source "ChessBase"]
[SourceDate "2002.03.14"]
[SourceVersion "1"]
[SourceVersionDate "2002.03.14"]
[SourceQuality "1"]

1. d4 Nf6 2. Nf3 e6 3. c4 Bb4+ 4. Bd2 Qe7 5. Nc3 c5 6. Nb5 Bxd2+ 7. Qxd2 d5 8. cxd5 exd5 9. dxc5 0-0 10. e3 a6 11. Nd6 Bg4 12. Nd4 b6 13. b4 a5 14. N6f5 Bxf5 15. Nxf5 Qe5 16. Nd4 Ne4 17. Qb2 axb4 18. cxb6 Nc6 19. Bb5 Nxd4 20. exd4 Qd6 21. 0-0 Nc3 22. a4 Rfb8 23. Rfe1 g6 24. Rec1 Rxb6 25. Rxc3 bxc3 26. Qxc3 Kg7 27. g3 Ra7 28. Rc1 Qf6 29. Qc5 Re7 30. a5 Rbe6 31. Bf1 Re1 32. Rxe1 Rxe1 33. Qxd5 Qa6 34. Qe5+ Rxe5 35. Bxa6 Rxa5 36. Bb7 Ra4 37. h4 Rxd4 38. Kg2 Kf6 39. Kf3 Ke5 40. Ba6 Rb4 41. Ke3 Rb3+ 42. Bd3 f5 43. Ke2 f4 44. gxf4+ Kxf4 45. h5 gxh5 46. Bxh7 Rb2+ 0-1

[Event "Petrov Memorial op"]
[Site "St Petersburg"]
[Date "2002.02.14"]
[Round "3"]
[White "Shushpanov, Rustam"]
[Black "Alekseev, Evgeny V"]
[Result "0-1"]
[WhiteElo "2460"]
[BlackElo "2552"]
[PlyCount "66"]
[EventDate "2002.02.12"]
[EventType "swiss"]
[EventRounds "9"]
[EventCountry "RUS"]
[SourceTitle "CBM 086 Extra"]
[Source "ChessBase"]
[SourceDate "2002.03.14"]
[SourceVersion "1"]
[SourceVersionDate "2002.03.14"]
[SourceQuality "1"]

1. Nf3 c5 2. c4 Nc6 3. Nc3 Nd4 4. e3 Nxf3+ 5. Qxf3 g6 6. b3 Bg7 7. Bb2 d6 8. g3 Rb8 9. Qe2 Nh6 10. Bg2 Nf5 11. 0-0 0-0 12. Rab1 a6 13. a3 b5 14. cxb5 axb5 15. b4 c4 16. d3 Be6 17. Nd5 Bxb2 18. Rxb2 Bxd5 19. Bxd5 e6 20. Bg2 d5 21. dxc4 bxc4 22. e4 Nd4 23. Qe3 Nb5 24. exd5 exd5 25. Qc5 Qf6 26. Rd2 Rfc8 27. Qxd5 c3 28. Rd3 c2 29. Rf3 Qb2 30. Rxf7 c1Q 31. Rxc1 Rxc1+ 32. Bf1 Qd4 33. Qb3 Qd8 0-1

[Event "Moscow Aeroflot op"]
[Site "Moscow"]
[Date "2002.02.09"]
[Round "7"]
[White "Shushpanov, Rustam"]
[Black "Gershon, Alik"]
[Result "1/2-1/2"]
[WhiteElo "2460"]
[BlackElo "2558"]
[PlyCount "50"]
[EventDate "2002.02.04"]
[EventType "swiss"]
[EventRounds "9"]
[EventCountry "RUS"]
[SourceTitle "CBM 088"]
[Source "ChessBase"]
[SourceDate "2002.03.21"]
[SourceVersion "1"]
[SourceVersionDate "2002.03.21"]
[SourceQuality "1"]

1. d4 Nf6 2. Nf3 e6 3. c4 b6 4. e3 Bb7 5. Bd3 Be7 6. 0-0 0-0 7. Nc3 d5 8. Qe2 Nbd7 9. e4 dxe4 10. Nxe4 c5 11. dxc5 Nxe4 12. Bxe4 Bxe4 13. Qxe4 Nxc5 14. Qe2 Qd3 15. Re1 Rfd8 16. Be3 Bf6 17. Rab1 Na4 18. h3 Rac8 19. Qxd3 Rxd3 20. b3 Nc3 21. Rb2 Rcd8 22. Rc2 Rd1 23. Rxd1 Rxd1+ 24. Kh2 Ra1 25. c5 bxc5 1/2-1/2

[Event "Moscow Aeroflot op"]
[Site "Moscow"]
[Date "2002.02.05"]
[Round "2"]
[White "Kogan, Artur"]
[Black "Shushpanov, Rustam"]
[Result "0-1"]
[WhiteElo "2568"]
[BlackElo "2460"]
[PlyCount "100"]
[EventDate "2002.02.04"]
[EventType "swiss"]
[EventRounds "9"]
[EventCountry "RUS"]
[SourceTitle "CBM 088"]
[Source "ChessBase"]
[SourceDate "2002.03.21"]
[SourceVersion "1"]
[SourceVersionDate "2002.03.21"]
[SourceQuality "1"]

1. e4 c5 2. Nf3 Nc6 3. Bb5 g6 4. 0-0 Bg7 5. Re1 Nf6 6. d4 cxd4 7. e5 Nd5 8. Bxc6 dxc6 9. Qxd4 Bf5 10. Na3 h6 11. Bd2 Qc8 12. c4 Nc7 13. Qh4 Ne6 14. Rad1 g5 15. Qg3 Qc7 16. Bc3 Rd8 17. h4 g4 18. Nd4 Nxd4 19. Bxd4 0-0 20. Qf4 e6 21. c5 b5 22. cxb6 axb6 23. Nc4 c5 24. Be3 Rxd1 25. Rxd1 Rd8 26. Nd6 Bg6 27. Rd2 h5 28. Qg3 Ra8 29. a3 Qc6 30. Bg5 c4 31. Qc3 b5 32. Bf6 Bh6 33. Rd1 Qc5 34. Nb7 Qc6 35. Nd6 Qc5 36. Nb7 Qc6 37. Nd8 Qc5 38. Rd4 Rb8 39. Rd6 Bf8 40. Qd2 g3 41. Nc6 gxf2+ 42. Qxf2 Bxd6 43. exd6 Qxc6 44. Qd2 Qc5+ 45. Kh1 Qf5 46. Be7 Qd3 47. Qh6 b4 48. axb4 Ra8 49. Kh2 Qd4 50. Qg5 Kh7 0-1

[Event "Novosibirsk op"]
[Site "Novosibirsk"]
[Date "2001.07.29"]
[Round "11"]
[White "Abashev, Denis"]
[Black "Shushpanov, Rustam"]
[Result "1/2-1/2"]
[WhiteElo "2395"]
[BlackElo "2436"]
[PlyCount "51"]
[EventDate "2001.07.18"]
[EventType "swiss"]
[EventRounds "11"]
[EventCountry "RUS"]
[SourceTitle "CBM 083 Extra"]
[Source "ChessBase"]
[SourceDate "2001.09.11"]
[SourceVersion "1"]
[SourceVersionDate "2001.09.11"]
[SourceQuality "1"]

1. e4 c5 2. Nf3 Nc6 3. Bb5 g6 4. Bxc6 dxc6 5. d3 Bg7 6. h3 Nf6 7. Nc3 0-0 8. Be3 Nd7 9. Qd2 e5 10. Bh6 Bxh6 11. Qxh6 Qf6 12. h4 Qg7 13. Qe3 h5 14. 0-0-0 b6 15. Rdg1 Re8 16. g4 hxg4 17. Rxg4 Nf6 18. Rg3 Bg4 19. Rhg1 Bxf3 20. Qxf3 Re6 21. Kb1 Nh7 22. h5 g5 23. Nd1 Kf8 24. Ne3 Ke8 25. Qf5 Ke7 26. Qg4 1/2-1/2

[Event "Novosibirsk op"]
[Site "Novosibirsk"]
[Date "2001.07.26"]
[Round "8"]
[White "Erikalov, Alexei"]
[Black "Shushpanov, Rustam"]
[Result "0-1"]
[WhiteElo "2451"]
[BlackElo "2436"]
[PlyCount "92"]
[EventDate "2001.07.18"]
[EventType "swiss"]
[EventRounds "11"]
[EventCountry "RUS"]
[SourceTitle "CBM 083 Extra"]
[Source "ChessBase"]
[SourceDate "2001.09.11"]
[SourceVersion "1"]
[SourceVersionDate "2001.09.11"]
[SourceQuality "1"]

1. Nf3 Nf6 2. c4 c5 3. e3 g6 4. d4 Bg7 5. Nc3 0-0 6. Be2 cxd4 7. exd4 d5 8. c5 Nc6 9. 0-0 Ne4 10. Be3 b6 11. cxb6 Nxc3 12. bxc3 axb6 13. Re1 Ba6 14. Bg5 Re8 15. Ne5 Bxe2 16. Qxe2 Nxe5 17. dxe5 Qc8 18. Rab1 Qxc3 19. e6 f6 20. Be3 Rec8 21. Bxb6 Qc4 22. Rb2 f5 23. Qxc4 Rxc4 24. Rb5 Rb8 25. g3 Bd4 26. Reb1 Rxb6 27. Rxb6 Bxb6 28. Rxb6 Kg7 29. Ra6 Kf6 30. Kf1 Re4 31. a4 Rxe6 32. Ra8 Ke5 33. a5 Kd4 34. a6 g5 35. Re8 Rxa6 36. Rxe7 h6 37. h3 f4 38. gxf4 gxf4 39. Ke2 Kc3 40. Kf3 d4 41. Rc7+ Kd2 42. Kxf4 d3 43. Ke5 Ke2 44. f4 d2 45. Rd7 Ra3 46. h4 Rd3 0-1

[Event "Novosibirsk op"]
[Site "Novosibirsk"]
[Date "2001.07.22"]
[Round "4"]
[White "Bespalov, Alexey"]
[Black "Shushpanov, Rustam"]
[Result "0-1"]
[WhiteElo "2325"]
[BlackElo "2436"]
[PlyCount "46"]
[EventDate "2001.07.18"]
[EventType "swiss"]
[EventRounds "11"]
[EventCountry "RUS"]
[SourceTitle "CBM 083 Extra"]
[Source "ChessBase"]
[SourceDate "2001.09.11"]
[SourceVersion "1"]
[SourceVersionDate "2001.09.11"]
[SourceQuality "1"]

1. e4 c5 2. Nf3 Nc6 3. d4 cxd4 4. Nxd4 Nf6 5. Nc3 d6 6. Bc4 Qb6 7. Be3 Qxb2 8. Ndb5 Qb4 9. Qe2 Ne5 10. Bd3 Qa5 11. Bd2 Qd8 12. 0-0 a6 13. Nd4 g6 14. f4 Nxd3 15. Qxd3 Bg7 16. Kh1 0-0 17. f5 Bd7 18. Rae1 Rc8 19. Nd5 Bc6 20. Nxc6 Rxc6 21. Bg5 Re8 22. e5 dxe5 23. Nxe7+ Qxe7 0-1

[Event "RUS-chT 08th Group2"]
[Site "Tomsk"]
[Date "2001.05.14"]
[Round "2"]
[White "Shushpanov, Rustam"]
[Black "Klimov, Sergey"]
[Result "1/2-1/2"]
[WhiteElo "2370"]
[BlackElo "2438"]
[PlyCount "105"]
[EventDate "2001.05.13"]
[EventType "team-tourn"]
[EventRounds "5"]
[EventCountry "RUS"]
[SourceTitle "EXT 2020"]
[Source "ChessBase"]
[SourceDate "2019.10.17"]
[SourceVersion "1"]
[SourceVersionDate "2019.10.17"]
[SourceQuality "1"]
[WhiteTeam "Novosibirsk Transsib"]
[BlackTeam "Sankt Petersburg Lentransgaz II"]
[WhiteTeamCountry "RUS"]
[BlackTeamCountry "RUS"]

1. d4 d5 2. Nf3 e6 3. g3 Nf6 4. Bg2 c6 5. 0-0 Nbd7 6. b3 a5 7. c4 a4 8. cxd5 exd5 9. bxa4 Qa5 10. Qb3 Be7 11. Nc3 Nb6 12. Bd2 Nxa4 13. Ne4 Qd8 14. Nxf6+ Bxf6 15. Bb4 Be7 16. Qe3 Be6 17. Rab1 0-0 18. Bxe7 Qxe7 19. Bh3 Nc3 20. Rb3 Nb5 21. Ra1 Ra4 22. Bxe6 Qxe6 23. Qxe6 fxe6 24. Kg2 h6 25. e3 Rfa8 26. Rb2 Kf7 27. Ne5+ Ke7 28. Nd3 Ra3 29. Nc5 b6 30. Nb3 R8a4 31. Nd2 Kd6 32. Nf3 Ra6 33. Rc2 Rc3 34. Re2 Na3 35. e4 Rc2 36. Rae1 Rxe2 37. Rxe2 dxe4 38. Rxe4 Nb5 39. Rg4 Ra7 40. Ne1 Kd5 41. Nc2 Kc4 42. a4 Nc3 43. d5+ Kxd5 44. Ne3+ Kd6 45. Rg6 Kc5 46. Rxe6 Nxa4 47. f4 b5 48. Re5+ Kd4 49. Kf3 b4 50. Re4+ Kc5 51. Re5+ Kd4 52. Re4+ Kc5 53. Re5+ 1/2-1/2

[Event "RUS-chT 08th Group2"]
[Site "Tomsk"]
[Date "2001.05.13"]
[Round "1"]
[White "Shushpanov, Rustam"]
[Black "Ogloblin, Nikolay"]
[Result "1-0"]
[WhiteElo "2370"]
[BlackElo "2472"]
[PlyCount "65"]
[EventDate "2001.05.13"]
[EventType "team-tourn"]
[EventRounds "5"]
[EventCountry "RUS"]
[SourceTitle "EXT 2020"]
[Source "ChessBase"]
[SourceDate "2019.10.17"]
[SourceVersion "1"]
[SourceVersionDate "2019.10.17"]
[SourceQuality "1"]
[WhiteTeam "Novosibirsk Transsib"]
[BlackTeam "Nizhny Tagil Politekhnik"]
[WhiteTeamCountry "RUS"]
[BlackTeamCountry "RUS"]

1. Nf3 c5 2. g3 Nc6 3. Bg2 g6 4. 0-0 Bg7 5. c4 Nh6 6. Nc3 Nf5 7. b3 a6 8. Bb2 d6 9. Rb1 Nfd4 10. Ne1 h5 11. e3 Nf5 12. Ne2 e5 13. Nc2 h4 14. g4 Nfe7 15. h3 f5 16. g5 f4 17. Nxf4 0-0 18. Nd5 Nxd5 19. cxd5 Na7 20. f4 exf4 21. Bxg7 Kxg7 22. exf4 Nb5 23. a4 Nd4 24. Nxd4 cxd4 25. Qe1 Bf5 26. Rc1 Rh8 27. Qf2 Qb6 28. a5 Qxa5 29. Qxd4+ Kh7 30. Qf6 Rac8 31. Rxc8 Rxc8 32. Re1 Qb6+ 33. Kh2 1-0

[Event "RUS-ch54 sf Sibiria"]
[Site "Novosibirsk"]
[Date "2001.04.18"]
[Round "1"]
[White "Karpov, Viktor"]
[Black "Shushpanov, Rustam"]
[Result "0-1"]
[WhiteElo "2210"]
[BlackElo "2378"]
[PlyCount "76"]
[EventDate "2001.04.19"]
[EventType "swiss"]
[EventRounds "9"]
[EventCountry "RUS"]
[SourceTitle "CBM 082 Extra"]
[Source "ChessBase"]
[SourceDate "2001.07.03"]
[SourceVersion "1"]
[SourceVersionDate "2001.07.03"]
[SourceQuality "1"]

1. e4 c5 2. Nf3 Nc6 3. Nc3 g6 4. h4 h5 5. d4 cxd4 6. Nxd4 Nf6 7. Bc4 Bg7 8. Be3 0-0 9. f3 Qc7 10. Nxc6 dxc6 11. Qd2 b5 12. Bb3 a5 13. a3 Ba6 14. Bc5 Kh7 15. Qf2 Bh6 16. g3 b4 17. axb4 axb4 18. Bxb4 Rfb8 19. Ba5 Qd6 20. f4 e5 21. Rd1 Qe7 22. f5 Ng4 23. Qf3 Ne3 24. f6 Qa7 25. Rd2 Bc4 26. Nd1 Nxd1 27. Rxd1 Qxa5+ 28. Kf2 Qc5+ 29. Kg2 Bxb3 30. cxb3 Qc2+ 31. Qf2 Qxf2+ 32. Kxf2 Rxb3 33. Kg2 Rxb2+ 34. Kh3 Rf2 35. Rd6 Ra6 36. Rb1 Raa2 37. Rh1 Rac2 38. Rd7 Rf3 0-1

[Event "RUS-ch54 sf Sibiria"]
[Site "Novosibirsk"]
[Date "2001.04.??"]
[Round "8"]
[White "Shomoev, Anton"]
[Black "Shushpanov, Rustam"]
[Result "1-0"]
[WhiteElo "2376"]
[BlackElo "2381"]
[PlyCount "143"]
[EventDate "2001.04.19"]
[EventType "swiss"]
[EventRounds "9"]
[EventCountry "RUS"]
[SourceTitle "CBM 082 Extra"]
[Source "ChessBase"]
[SourceDate "2001.07.03"]
[SourceVersion "1"]
[SourceVersionDate "2001.07.03"]
[SourceQuality "1"]

1. e4 c5 2. Nf3 Nc6 3. d4 cxd4 4. Nxd4 Nf6 5. Nc3 d6 6. Bg5 e6 7. Qd2 Qb6 8. Nb3 a6 9. 0-0-0 Qc7 10. Kb1 b5 11. Bxf6 gxf6 12. f4 b4 13. Ne2 Qb6 14. Ned4 Bd7 15. Be2 Ra7 16. Bh5 Nd8 17. Rhf1 a5 18. f5 e5 19. Ne6 Bxe6 20. fxe6 Nxe6 21. Rxf6 Nf4 22. Rf5 Rg8 23. g3 Nxh5 24. Rxh5 Rg6 25. Rf1 a4 26. Nc1 Qd4 27. Qxd4 exd4 28. Rb5 Re6 29. Re1 Bh6 30. Rxb4 Be3 31. Ne2 Ke7 32. Rxd4 f5 33. Rdd1 fxe4 34. Nc3 Bh6 35. Rxe4 Rxe4 36. Nxe4 Ra6 37. Rd5 Bg7 38. Rb5 Be5 39. Rb7+ Ke6 40. Rxh7 Rb6 41. c3 Kf5 42. Rh4 a3 43. b3 d5 44. Nc5 Bxc3 45. Rh5+ Kg4 46. Rxd5 Bg7 47. Kc2 Kh3 48. Rh5+ Kg2 49. Rh4 Rb8 50. b4 Bf6 51. Rc4 Re8 52. Re4 Ra8 53. Kb3 Kxh2 54. g4 Kh3 55. Rc4 Be5 56. g5 Kg3 57. g6 Kf3 58. Re4 Bb2 59. Re7 Rg8 60. Nd3 Ba1 61. Kxa3 Rd8 62. Nc5 Rg8 63. Re6 Kf4 64. Kb3 Kf5 65. a4 Bf6 66. Re2 Rh8 67. Rg2 Bg7 68. a5 Ke5 69. Kc4 Rh1 70. a6 Kd6 71. Kb5 Bc3 72. Ne4+ 1-0

[Event "RUS-ch54 sf Sibiria"]
[Site "Novosibirsk"]
[Date "2001.04.??"]
[Round "5"]
[White "Shushpanov, Rustam"]
[Black "Lependin, Anatolij"]
[Result "1-0"]
[WhiteElo "2378"]
[BlackElo "2339"]
[PlyCount "85"]
[EventDate "2001.04.19"]
[EventType "swiss"]
[EventRounds "9"]
[EventCountry "RUS"]
[SourceTitle "CBM 082 Extra"]
[Source "ChessBase"]
[SourceDate "2001.07.03"]
[SourceVersion "1"]
[SourceVersionDate "2001.07.03"]
[SourceQuality "1"]

1. c4 c5 2. Nf3 g6 3. d4 Bg7 4. e4 cxd4 5. Nxd4 Nc6 6. Be3 Nf6 7. Nc3 Ng4 8. Qxg4 Nxd4 9. Qd1 e5 10. Bd3 0-0 11. 0-0 d6 12. Qd2 f5 13. exf5 gxf5 14. Bxd4 exd4 15. Nd5 f4 16. Rfe1 Be5 17. c5 Kh8 18. cxd6 Qxd6 19. Qe2 Bf5 20. Qxe5+ Qxe5 21. Rxe5 Bxd3 22. Rd1 Rfe8 23. Rxe8+ Rxe8 24. f3 Bc4 25. Nxf4 Bxa2 26. Rxd4 b5 27. b4 Ra8 28. Rd3 Bc4 29. Ra3 a6 30. Nd3 Bxd3 31. Rxd3 a5 32. bxa5 Rxa5 33. Rd7 Ra2 34. Rb7 Rb2 35. h4 b4 36. g4 b3 37. g5 Rb1+ 38. Kg2 Kg8 39. h5 Rb2+ 40. Kg3 Rb1 41. h6 b2 42. Kg2 Kf8 43. g6 1-0

[Event "Karvina op"]
[Site "Karvina"]
[Date "2000.??.??"]
[Round "8"]
[White "Gibiec, Ernest"]
[Black "Shushpanov, Rustam"]
[Result "0-1"]
[WhiteElo "2233"]
[BlackElo "2403"]
[PlyCount "76"]
[EventDate "2000.??.??"]
[EventType "swiss"]
[EventRounds "10"]
[EventCountry "CZE"]
[SourceTitle "EXT 2006"]
[Source "ChessBase"]
[SourceDate "2005.11.24"]
[SourceVersion "1"]
[SourceVersionDate "2005.11.24"]
[SourceQuality "1"]

1. d4 d5 2. Nf3 Nf6 3. Bf4 c5 4. e3 Nc6 5. c3 Qb6 6. Qb3 c4 7. Qxb6 axb6 8. Na3 Bf5 9. Nb5 Ra5 10. a4 e6 11. Be2 Be7 12. Nd6+ Bxd6 13. Bxd6 Kd7 14. Bb4 Ra7 15. Ne5+ Nxe5 16. dxe5 Ne4 17. f3 Nc5 18. e4 Bg6 19. 0-0 Kc6 20. exd5+ exd5 21. f4 Be4 22. Bxc5 Kxc5 23. Bf3 Bc2 24. Bd1 Bxd1 25. Rfxd1 Rd8 26. f5 Re8 27. Re1 b5 28. e6 fxe6 29. Rxe6 Rxe6 30. fxe6 bxa4 31. e7 Ra8 32. Rxa4 Re8 33. Rb4 Rxe7 34. Ra4 Re2 35. Ra5+ b5 36. Ra7 Rxb2 37. Rc7+ Kd6 38. Rxg7 d4 0-1